FUNDAMENTALS OF ROCK MECHANICS (Record no. 5416)

MARC details
000 -LEADER
fixed length control field 00335nam a22001337a 4500
005 - DATE AND TIME OF LATEST TRANSACTION
control field 20170401172344.0
008 - FIXED-LENGTH DATA ELEMENTS--GENERAL INFORMATION
fixed length control field 170401b xxu||||| |||| 00| 0 eng d
041 ## - LANGUAGE CODE
Language code of text/sound track or separate title eng
100 ## - MAIN ENTRY--AUTHOR NAME
Personal name JARGER, J.C. AND COOK, N.G.W
245 ## - TITLE STATEMENT
Title FUNDAMENTALS OF ROCK MECHANICS
260 ## - PUBLICATION, DISTRIBUTION, ETC. (IMPRINT)
Name of publisher CHAPMAN AND HALL LTD
Year of publication 1969
300 ## - PHYSICAL DESCRIPTION
Number of Pages 515
942 ## - ADDED ENTRY ELEMENTS (KOHA)
Koha item type Books
Holdings
Lost status Damaged status Collection code Home library Current library Shelving location Date acquired Source of acquisition Cost, normal purchase price Accession Number Koha item type
    MINING JRU Library JRU Library SHELF-94-A 01/04/2017 PURCHESS 350.00 21693 Books
    MINING JRU Library JRU Library SHELF-94-A 01/04/2017 PURCHESS 350.00 21694 Books
    MINING JRU Library JRU Library SHELF-94-A 01/04/2017 PURCHESS 350.00 21695 Books